[Event "UZB-ch Men 2018"]
[Site "Tashkent"]
[Date "2018.05.13"]
[Round "11"]
[White "Iuldachev, Saidali"]
[Black "Vokhidov, Shamsiddin"]
[Result "0-1"]
[WhiteElo "2469"]
[BlackElo "2414"]
[Annotator "TA"]
[PlyCount "152"]
[EventDate "2018.05.13"]
[EventType "tourn"]
[EventCountry "UZB"]
[SourceTitle "playchess.com"]
[Source "ChessBase"]
[SourceQuality "1"]

{[%evp 22,152,5,10,31,0,4,0,2,-10,-17,-16,-6,-42,0,-42,-43,-43,-39,-52,-47,-63,-59,-75,-51,-59,-62,-91,-75,-60,-68,-154,-72,-70,-62,-68,-62,-68,-53,-65,-48,-77,-75,-77,-85,-180,-155,-166,-125,-125,-125,-125,-125,-125,-125,-125,-125,-125,-125,-125,-131,-131,-125,-131,-125,-125,-125,-166,-125,-152,-160,-148,-150,-131,-129,-141,-115,-144,-141,-156,-97,-97,0,-163,-162,-166,-159,-160,-162,-162,-164,-180,-175,-155,-156,-170,-159,-154,-160,-187,-187,-286,-277,-296,-248,-246,-243,-249,-254,-231,-235,-191,-198,-206,-235,-223,-197,-29976,-29977,-29977,-29978,-29977,-29979,-29979,-29979,-29979,-29979,-29980,-29979,-29979,-29978,-29980,-29981]} 1. e4 c5 2. Nc3 Nc6 3. Nf3 g6 4. d4 cxd4 5. Nxd4 Bg7 6. Nb3 Nf6 7. Bc4 O-O 8. O-O d6 9. Re1 Be6 10. Nd5 Rc8 11. Bf1 Ne5 12. c3 {LiveBook: 10 Games. B70: Sicilian Dragon: 6 g3 and 6 Be2 (without a later Be3)} Ned7 (12... Bxd5 13. exd5 Nc4 14. a4 Nb6 15. g4 h6 16. Bg2 Re8 17. a5 Nc4 18. h3 Qc7 19. Ra4 b5 {0-1 (62) Zeller,F (2383)-Fedorovsky,M (2471) Karlsruhe 2018}) 13. Bg5 Bxd5 14. exd5 {The position is equal.} Nb6 15. Be2 $146 ({Predecessor:} 15. Bxf6 Bxf6 16. a4 Nc4 17. Bxc4 Rxc4 {0-1 (39) Arganian,D (2041)-Nagase,T (1786) Redmond 2016}) 15... Nfxd5 16. Bf3 h6 17. Bh4 Bf6 (17... Rc4 {keeps more tension.} 18. Bg3 e6 19. Qd3 Rc7 20. Nd4 e5) 18. Bxd5 Bxh4 19. Bxb7 Rc7 20. Bf3 Bf6 21. Qd2 Kg7 22. Rad1 Qd7 23. Qe2 Rb8 24. Nc1 a5 25. Nd3 Na4 26. Bd5 (26. Rd2 $15) 26... Qf5 (26... Bxc3 $142 $1 27. bxc3 Nxc3) 27. Bb3 Nb6 28. g3 Qb5 29. Bc2 Nd7 30. Qf3 e6 31. h4 h5 32. Qf4 Ne5 33. Nxe5 (33. Re2 $17) 33... Bxe5 $19 ({Inferior is} 33... dxe5 34. Qe4 $11) 34. Qe4 Qc5 ({Resist} 34... Qxb2 35. Rb1 $15) 35. Bb3 Bxg3 36. Qd4+ Qxd4 37. Rxd4 Be5 38. Ra4 Rc5 39. Ree4 Bf6 40. Rec4 Rbc8 41. Kg2 Kf8 42. Kg3 Ke7 43. Rxc5 Rxc5 $17 {[%mdl 4096] Endgame KRB-KRB} 44. Rc4 Rb5 45. Rc7+ Kf8 46. Rc8+ Kg7 $1 47. Rc7 {White wants to play Bxe6.} d5 48. Ra7 Be5+ 49. Kg2 Kf6 50. Ba4 Rb8 (50... Rxb2 $142 51. Be8 Bxc3 52. Rxf7+ Ke5) 51. Bb3 Rb5 (51... Bf4 $17 52. Rxa5 Bc1) 52. Ba4 $1 $19 {[%cal Ra4b5]} Rxb2 53. Be8 {[%csl Ge8][%cal Ra7f7]} Kf5 54. Rxf7+ Bf6 $1 55. a4 Rc2 56. Rf8 Rxc3 57. Rg8 Rc4 58. Bxg6+ Ke5 59. Bf7 Kd6 60. Bxh5 Rxa4 61. Bg4 (61. Ra8 $142) 61... Bxh4 62. Rg6 {[#]} Bf6 $1 {[%mdl 512]} 63. Kg3 (63. Rxf6 Rxg4+) 63... Ke7 64. Rh6 Ra3+ 65. Kg2 Ra2 66. Rh7+ Kd6 67. Rh6 {[#]} Bd4 $1 68. Rxe6+ Kc5 69. Re2 $2 (69. Re8 $19) 69... Rxe2 {Black mates.} 70. Bxe2 {KB-KB} a4 {[%cal Ba5a4,Ba4a3][%mdl 32]} 71. Bd1 a3 72. Bb3 Bf6 73. Kf3 {[#]} d4 $1 74. Ke2 Kb4 75. Bf7 Kc3 76. f4 Kb2 {Precision: White = 45%, Black = 75%.} 0-1

[Event "UZB-ch Men 2018"]
[Site "Tashkent"]
[Date "2018.05.13"]
[Round "11"]
[White "Sindarov, Javokhir"]
[Black "Jumanov, Elbek"]
[Result "1-0"]
[WhiteElo "2430"]
[BlackElo "2283"]
[Annotator "TA"]
[PlyCount "85"]
[EventDate "2018.05.13"]
[EventType "tourn"]
[EventCountry "UZB"]
[SourceTitle "playchess.com"]
[Source "ChessBase"]
[SourceQuality "1"]

{[%evp 25,85,10,13,8,10,10,20,16,22,0,39,38,39,33,41,27,85,60,53,56,108,104,124,104,102,85,87,93,94,95,102,49,392,383,290,382,356,354,352,351,347,344,319,7,8,8,8,8,28,13,52,50,67,33,68,76,3446,2481,898,1416,5277,4792]} 1. e4 c5 2. Nf3 e6 3. Nc3 a6 4. g3 b5 5. Bg2 Bb7 6. d4 b4 7. Na4 cxd4 8. Nxd4 Nf6 9. O-O Bxe4 {B43: Sicilian: Kan Variation: 5 Nc3} 10. Bxe4 Nxe4 11. c4 (11. Re1 d5 12. Qh5 Qf6 13. Be3 Nd7 14. f3 g6 15. Qg4 h5 16. Qh3 Nd6 17. Rad1 Be7 18. Nxe6 Qxe6 19. Qg2 Nf5 20. Bg5 Qc6 21. Bxe7 Nxe7 22. Qe2 O-O {0-1 (22) Jovanovic,Z (2534)-Andreikin,D (2737) Tallinn 2016}) 11... bxc3 12. Re1 d5 13. Nxc3 Be7 {LiveBook: 7 Games} 14. Nxe4 dxe4 15. Rxe4 O-O 16. Be3 Bf6 17. Qb3 Qd5 $146 (17... a5 {looks sharper.} 18. Rc1 Qd7 19. a4 Ra6 20. Qc2 Qb7) 18. Qxd5 exd5 19. Rf4 $36 {[%mdl 2048] White has some pressure.} Nd7 20. Rd1 Ne5 (20... Rfe8 $11) 21. b3 Ng6 22. Rf3 Rfc8 {[#]} (22... Ne7 $14) 23. Nf5 $1 $16 Rc2 24. Rxd5 Ne5 25. Rf4 Rxa2 26. Bd4 Nd3 {[#]} 27. Nh6+ $1 {[%mdl 512]} Kf8 (27... gxh6 28. Rxf6) 28. Rf3 ({White should play} 28. Rff5 $16) 28... Bxd4 $4 {[%mdl 8192]} (28... Rd2 $1 $14 29. h4 (29. Bxf6 $2 Rd1+ 30. Kg2 Ne1+ 31. Kf1 Rxd5 $19) 29... Ne5) 29. Rxf7+ $18 Ke8 30. Rxd4 gxh6 31. Rxh7 Ra1+ 32. Kg2 Ne1+ 33. Kh3 Nf3 {Strongly threatening ...Ng5+.} 34. Re4+ $2 (34. Rd5 $18 Rd1 35. Rf5 (35. Rxd1 Ng5+ 36. Kg2 Nxh7 $11) 35... Ng1+ 36. Kg2) 34... Kf8 $1 $11 35. Rf4+ ({But not} 35. Rh8+ Kg7 $15) 35... Kg8 36. Rxh6 Ng5+ 37. Kg4 Kg7 38. Kh5 {[%mdl 1024] And now Rg6+ would win. White has compensation.} Nh7 39. Rg6+ Kh8 40. Kh6 Rg8 $2 {[%mdl 8192] [#]} (40... Nf8 $16) 41. Rf7 $1 $18 {[%csl Gh6][%cal Rf7h7] White is clearly winning.} Nf8 42. Rgf6 Rh1 43. h4 {Precision: White = 68%, Black = 34%.} 1-0

[Event "UZB-ch Men 2018"]
[Site "Tashkent"]
[Date "2018.05.13"]
[Round "11"]
[White "Fayzullaev, Akmal"]
[Black "Barsov, Alexei"]
[Result "1-0"]
[WhiteElo "2382"]
[BlackElo "2411"]
[Annotator "TA"]
[PlyCount "91"]
[EventDate "2018.05.13"]
[EventType "tourn"]
[EventCountry "UZB"]
[SourceTitle "playchess.com"]
[Source "ChessBase"]
[SourceQuality "1"]

{[%evp 20,91,-24,-26,-9,-29,-38,-45,-12,-12,-16,-29,-11,-25,-7,-41,-13,-6,18,-28,26,-112,-106,-167,-179,-187,-184,-189,-161,-151,-158,-152,-160,-169,-163,-170,-148,-170,-147,-151,-134,-230,-185,-197,-179,-191,-162,-280,-221,-218,-149,-173,-193,-201,0,0,0,-104,-71,-66,40,36,92,81,81,0,475,490,460,398,29989,29990,29992,29993]} 1. c4 e6 2. Nf3 d5 {[%cal Bd7d5,Bd5d4][%mdl 32]} 3. b3 Nf6 4. g3 d4 5. Bg2 c5 6. O-O Nc6 7. d3 {A13: English Opening: 1...e6} (7. e3 Be7 8. exd4 cxd4 9. d3 O-O 10. Re1 Ne8 11. a3 a5 12. Nbd2 f6 13. Rb1 e5 14. Nh4 Nc7 15. Qh5 Qe8 16. Qxe8 Rxe8 {½-½ (132) Topalov,V (2761)-Nakamura,H (2787) Leuven 2016}) 7... h6 8. e3 Bd6 9. exd4 cxd4 10. Na3 O-O 11. Nc2 {LiveBook: 10 Games} a5 12. Rb1 e5 13. a3 Rb8 14. b4 axb4 15. Nxb4 $146 ({Predecessor:} 15. axb4 b5 16. Nd2 Bg4 17. Qe1 {1-0 (36) McNab,C (2409)-Barsov,A (2519) Hampstead 2001}) 15... Bf5 16. Re1 Re8 $36 {[%mdl 2048] Black has good play.} 17. Rb2 Qa5 18. Bd2 {Nxc6 is the strong threat.} Qa7 19. Bc1 Rbc8 (19... Bxb4 $142 20. axb4 b5) 20. h3 (20. Nd5 $1 $11 {keeps the balance.}) 20... Qxa3 $17 21. Nxc6 (21. Rb1 $17 {might work better.} Qa7 22. Nxc6 bxc6 23. g4) 21... bxc6 $19 (21... Rxc6 22. Nxe5 $1 {[%mdl 512]} Rcc8 23. Rb6 $18 (23. Rxb7 Qa1 $16)) 22. Bf1 Qa7 23. Rbe2 {[%cal Rf3e5]} Qb8 24. g4 Bh7 25. c5 Bc7 26. Qa4 Nd5 27. Rb2 Qa8 28. Qc4 Rb8 29. Ra2 Qb7 30. g5 (30. Bd2 $17 {was worth a try.}) 30... hxg5 31. Nxg5 Bf5 32. Bg2 Red8 33. f4 (33. Be4 $142 Bxe4 34. dxe4) 33... f6 34. Nf3 {[%cal Rf4e5]} Qb1 35. Ra3 {[%cal Rf4e5]} Rb4 36. Qa6 Rb3 $2 (36... exf4 37. Qxc6 Bb8 38. Nd2 $18) (36... Qc2 $19 {White must now prevent ...e4.} 37. Qxc6 Rb6 $1 {[%mdl 512]} 38. Nxd4 Rxc6 39. Nxc2 Rxc5 40. Bxd5+ Rcxd5) 37. Rxb3 $11 Qxb3 38. Qxc6 (38. fxe5 $11 {remains equal.} fxe5 39. Qxc6) 38... Bd7 ({Stronger than} 38... Bxd3 39. fxe5 (39. Nd2 Qa2 $16) 39... Qb5 40. Qe6+ (40. Nxd4 Qc4 $16) 40... Kh8 41. exf6 $16) 39. Qa6 {And now Nd2 would win.} Bb5 ({Better is} 39... e4 $15 40. Nd2 Qc3) 40. Qe6+ $14 Kh8 (40... Kf8 $1 $14) 41. fxe5 Qxd3 42. exf6 (42. Kh1 $16) 42... gxf6 $2 {[%mdl 8192]} (42... Nxf6 $11 {and Black is okay.} 43. Qe7 Ba5) 43. Re4 $18 {Strongly threatening Rh4+.} Qd1+ {[#]} 44. Kf2 $1 {White threatens Rh4+ and mate.} Qxc1 $2 (44... Ne3 $18 45. Qxf6+ Kg8 46. Qe6+ (46. Nxd4 Rxd4 47. Qe6+ Kh8 $11) 46... Kf8 47. Qe7+ Kg8 48. Qg5+ Kf8) 45. Rh4+ Kg7 46. Qg4+ {Precision: White = 51%, Black = 37%.} 1-0

[Event "UZB-ch Men 2018"]
[Site "Tashkent"]
[Date "2018.05.13"]
[Round "11"]
[White "Saydaliev, Saidakbar"]
[Black "Yakubboev, Nodirbek"]
[Result "1/2-1/2"]
[WhiteElo "2361"]
[BlackElo "2493"]
[Annotator "TA"]
[PlyCount "77"]
[EventDate "2018.05.13"]
[EventType "tourn"]
[EventCountry "UZB"]
[SourceTitle "playchess.com"]
[Source "ChessBase"]
[SourceQuality "1"]

{[%evp 13,77,5,27,27,27,15,42,14,64,58,57,59,56,41,26,31,53,38,97,52,47,23,56,66,55,62,67,60,53,32,53,20,12,13,13,0,0,0,0,0,0,0,0,0,0,0,0,0,0,0,0,0,0,0,29,10,22,5,35,0,66,39,72,70,125,-29]} 1. e4 e5 2. Nf3 Nc6 3. Bb5 Nf6 4. d3 Bc5 5. c3 d5 (5... O-O 6. O-O Re8 7. Nbd2 a6 8. Bxc6 dxc6 9. Nc4 Bd6 10. Bg5 b5 11. Ne3 Qe7 12. Nh4 Qe6 13. Nhf5 Bf8 {½-½ (53) Caruana,F (2804)-Nakamura,H (2787) Saint Louis 2018}) 6. Nbd2 {C65: Ruy Lopez: Berlin Defence (3...Nf6), unusual lines and 4 0-0 Bc5} O-O 7. O-O Re8 {LiveBook: 5 Games} 8. exd5 {White has an edge.} Nxd5 9. Re1 Bd6 10. Ne4 Bg4 11. h3 Bh5 12. Bc4 $146 ({Predecessor:} 12. Qb3 Nb6 13. Nh4 a6 14. Bxc6 bxc6 {0-1 (23) Kourkoulos Arditis,S (2290)-Mastrovasilis,A (2554) Athens 2014}) 12... Nb6 13. Bb3 Bg6 14. a4 Nd7 15. Be3 Kh8 ({Black should play} 15... a5 $14) 16. Nxd6 cxd6 17. Ng5 f6 18. Nf7+ Bxf7 $1 19. Bxf7 Rf8 20. Ba2 f5 21. f4 Ne7 {[%cal Bc6e7,Be7g6,Bg6f4][%mdl 32]} 22. fxe5 dxe5 23. d4 {dxe5 is the strong threat.} e4 24. Rf1 Ng6 25. Qd2 Qc7 26. Be6 f4 27. Bxf4 $1 Nxf4 28. Bxd7 $1 g5 29. Bg4 h5 30. Rxf4 Rxf4 31. Bxh5 Raf8 32. Re1 Qh7 33. Bg4 Qf7 34. Qe2 Kg7 35. Rd1 Qd5 36. c4 Qd6 (36... Qf7 $11) 37. Qe3 $14 Qf6 {[#]} 38. Be2 $1 Kh6 (38... Qh6 $14) 39. Qd2 $2 {Precision: White = 53%, Black = 63%.} ({Better is} 39. a5 $16) 1/2-1/2

[Event "UZB-ch Men 2018"]
[Site "Tashkent"]
[Date "2018.05.13"]
[Round "11"]
[White "Khoroshev, Nikita"]
[Black "Abdisalimov, Abdimalik"]
[Result "1-0"]
[WhiteElo "2340"]
[BlackElo "2317"]
[Annotator "TA"]
[PlyCount "64"]
[EventDate "2018.05.13"]
[EventType "tourn"]
[EventCountry "UZB"]
[SourceTitle "playchess.com"]
[Source "ChessBase"]
[SourceQuality "1"]

{[%evp 14,64,12,-10,19,11,2,2,13,10,29,10,13,10,27,0,0,0,0,0,0,-6,-12,-28,-14,-15,0,-20,-27,-10,-13,-18,-19,-5,-5,-39,0,-24,-20,-14,-13,-20,74,69,223,215,220,176,208,128,306,121,113]} 1. d4 g6 2. e4 Bg7 3. Nc3 d6 4. f4 Nf6 5. Nf3 O-O 6. e5 dxe5 7. fxe5 Nd5 8. Ne4 {LiveBook: 7 Games} Nc6 {B09: Pirc Defence: Austrian Attack} 9. Bc4 Nb6 10. Bb3 Na5 {The position is equal.} 11. O-O Nxb3 (11... Bf5 12. Qe2 Nxb3 13. axb3 Qd5 14. Nc5 Nd7 15. c4 Qc6 16. Nxd7 Qxd7 {0-1 (45) Lu,S (2606)-Firman,N (2466) Albena 2015}) 12. axb3 f6 $1 13. exf6 exf6 14. c4 Re8 $146 ({Predecessor:} 14... c6 15. Bd2 f5 16. Bg5 Qc7 {0-1 (52) Rauch,U-Papa,S (2164) Germany 2001}) 15. Nc5 Nd7 16. Nd3 c6 17. Bd2 Nf8 18. Ba5 Qd6 19. Bb4 Qd8 20. h3 Bf5 21. Nf2 g5 22. Re1 Rxe1+ 23. Qxe1 Qd7 24. Qd2 (24. d5 $5) 24... b6 25. Re1 Ng6 26. d5 cxd5 $1 27. cxd5 {[%cal Bc4d5,Bd5d6][%mdl 32] [#] aiming for g4.} Rd8 (27... Nf4 $11 {remains equal.}) 28. g4 $36 {[%mdl 2048] White has some pressure.} Nf4 $2 (28... a5 $14) 29. gxf5 $18 Qxf5 {[#]} 30. d6 $1 a5 31. Bc3 {Qd4 is the strong threat.} h5 $2 (31... Bf8 $16 {might work better.}) 32. Qe3 $2 (32. Qd4 $18 {and White stays clearly on top.}) 32... Rxd6 {Precision: White = 44%, Black = 46%.} 1-0

[Event "UZB-ch Men 2018"]
[Site "Tashkent"]
[Date "2018.05.13"]
[Round "11"]
[White "Tillyaev, Ulugbek"]
[Black "Vahidov, Tair"]
[Result "1/2-1/2"]
[WhiteElo "2292"]
[BlackElo "2400"]
[Annotator "TA"]
[PlyCount "27"]
[EventDate "2018.05.13"]
[EventType "tourn"]
[EventCountry "UZB"]
[SourceTitle "playchess.com"]
[Source "ChessBase"]
[SourceQuality "1"]

{[%evp 9,27,0,20,0,0,-29,-12,-70,-22,-62,0,-87,-102,-108,-102,-120,-123,-89,-102,-118]} 1. e4 e5 2. Nf3 Nf6 3. Nc3 Nc6 4. d4 Bb4 5. d5 Nb8 {LiveBook: 28 Games} 6. Qd3 {C47: Scotch Four Knights and Four Knights with 4 g3} (6. Bd3 d6 7. O-O O-O 8. Ne2 Nbd7 9. a3 Bc5 10. b4 Bb6 11. c4 Re8 12. Bg5 h6 13. Be3 Ng4 14. Bxb6 axb6 {½-½ (49) Sharbaf,M (2350)-Mirzoev,A (2556) Rasht 2015}) 6... O-O 7. Bd2 $146 ({Predecessor:} 7. a3 Bxc3+ 8. bxc3 d6 9. h3 Na6 10. Be3 Nd7 11. Qd2 b6 12. Bd3 Nac5 13. O-O f5 14. Bxc5 Nxc5 {½-½ (152) Madeira,W (2182)-Chaves,J (2040) Sao Paulo 2014}) 7... Na6 8. Qc4 ({Don't play} 8. Nxe5 Re8 $17) (8. Qe3 $11) 8... c6 9. O-O-O ({Much weaker is} 9. Nxe5 Re8 $17) 9... Bxc3 (9... Re8 $15) 10. Bxc3 (10. Qxc3 $11 cxd5 11. Bxa6 (11. Nxe5 d6 $15) 11... bxa6 12. Nxe5) 10... cxd5 $17 {Black is better.} 11. Rxd5 d6 {Strongly threatening ...Be6.} 12. Rd1 {next Bxe5 is good for White.} Be6 13. Qe2 {Black should prevent Bxe5!} Qc7 14. Kb1 1/2-1/2

[Event "UZB-ch Men 2018"]
[Site "Tashkent"]
[Date "2018.05.14"]
[Round "12"]
[White "Yakubboev, Nodirbek"]
[Black "Iuldachev, Saidali"]
[Result "1/2-1/2"]
[WhiteElo "2493"]
[BlackElo "2469"]
[Annotator "TA"]
[PlyCount "70"]
[EventDate "2018.05.13"]
[EventType "tourn"]
[EventCountry "UZB"]
[SourceTitle "playchess.com"]
[Source "ChessBase"]
[SourceQuality "1"]

{[%evp 23,70,36,37,30,38,32,55,36,71,74,101,82,120,104,120,115,105,98,116,85,139,51,56,51,51,41,45,43,53,43,64,67,54,57,110,0,0,0,0,0,0,0,0,0,0,0,0,0,0]} 1. d4 Nf6 2. c4 e5 3. dxe5 Ng4 4. Nf3 Bc5 5. e3 Nc6 6. Nc3 Ngxe5 7. Nxe5 Nxe5 8. Be2 O-O 9. O-O Re8 10. b3 a5 11. Na4 Bf8 {A52: Budapest Gambit} 12. f4 Ng6 {LiveBook: 5 Games} 13. g3 Rb8 {White has an edge.} 14. Qd3 {[#]} d5 $146 ({Predecessor:} 14... d6 15. Nc3 f5 16. Bf3 c6 17. Bb2 Be6 18. Rad1 Qd7 19. Rfe1 {0-1 (61) Hillarp Persson,T (2569)-Miezis,N (2551) Norrkoeping 2014}) 15. cxd5 b5 $1 {[%cal Rb5a4]} 16. Nc3 b4 {[#]} 17. Na4 $1 Bd7 18. Rd1 Bb5 19. Qc2 Bxe2 20. Qxe2 Re4 21. Qc2 Qe7 (21... Qe8 $142) 22. Rd3 (22. Nb2 $16) 22... Re8 $14 23. Bd2 Qd7 24. Rf1 h5 25. Bc1 h4 26. Qg2 hxg3 27. hxg3 Bd6 28. Qf3 R4e7 (28... Qf5 $14) 29. Bb2 (29. Nb2 $16) 29... Qf5 $1 $36 {[%cal Rf5d3][%mdl 2048] The position is equal. Black has the initiative.} 30. Rfd1 Qh3 {[#] ...Nh4! is the strong threat.} 31. Rf1 Qf5 32. Rfd1 Qh3 33. Rf1 Qf5 34. Qe2 Qh3 {And now ...Nxf4! would win.} 35. Qf3 Qf5 {Precision: White = 61%, Black = 63%.} 1/2-1/2

[Event "UZB-ch Men 2018"]
[Site "Tashkent"]
[Date "2018.05.14"]
[Round "12"]
[White "Vokhidov, Shamsiddin"]
[Black "Abdusattorov, Nodirbek"]
[Result "1/2-1/2"]
[WhiteElo "2414"]
[BlackElo "2550"]
[Annotator "TA"]
[PlyCount "107"]
[EventDate "2018.05.13"]
[EventType "tourn"]
[EventCountry "UZB"]
[SourceTitle "playchess.com"]
[Source "ChessBase"]
[SourceQuality "1"]

{[%evp 13,107,-3,23,21,20,18,23,18,22,-3,-17,-10,-19,-14,-12,-18,-24,-13,-21,-12,-11,-24,-13,-17,-15,-11,-37,-27,1,0,14,16,16,14,24,37,24,16,25,16,28,25,20,13,16,14,17,16,22,12,17,0,4,12,20,8,25,20,37,26,28,10,74,15,19,11,11,9,15,0,13,0,0,0,0,0,0,0,0,0,0,0,0,0,0,0,0,0,0,0,0,0,0,0,0,0]} 1. e4 e5 2. Nf3 Nc6 3. Bc4 Nf6 4. d3 Be7 5. Nc3 d6 6. a4 {C55: Two Knights: 4 d3, 4 d4 exd4 5 e5 and Max Lange Attack} (6. a3 O-O 7. O-O Be6 8. Nd5 h6 9. c3 Qd7 10. Re1 Rae8 11. d4 Bg4 12. Ne3 Bxf3 13. Qxf3 g6 14. Nd5 Kg7 15. Nxf6 Bxf6 16. Bxh6+ Kxh6 17. Qxf6 {1-0 (53) Nepomniachtchi,I (2729)-Wang,H (2709) Riadh 2017}) 6... O-O 7. a5 a6 {LiveBook: 3 Games} 8. O-O {White has an edge.} Bg4 9. h3 Bh5 10. Be3 Kh8 11. Nd5 $146 ({Predecessor:} 11. Kh2 Nb4 12. Bb3 d5 13. exd5 Nfxd5 14. g4 Bg6 {0-1 (28) Koban,B (2245)-Biro,S (2270) Hungary 2014}) 11... Nxd5 12. Bxd5 Nxa5 13. g4 Bg6 $1 14. Rxa5 c6 15. Qd2 {[#] Threatens to win with Bb3.} cxd5 16. Rxd5 f6 {With the idea ...b5.} 17. Ra5 b6 18. Raa1 d5 19. exd5 $1 Qxd5 20. Nh4 Be8 21. Nf5 Bd8 22. Qb4 $36 {[%mdl 2048] White is more active.} Rg8 23. Qe4 Qxe4 24. dxe4 Bc6 25. f3 g6 26. Nd6 Bc7 27. Rfd1 b5 28. b4 Rg7 {[#] aiming for ...Rd7.} 29. c4 bxc4 30. Nxc4 Rb8 31. Bc5 Bb5 32. Rac1 Rf7 33. Kg2 Kg7 34. Ne3 Rb7 35. Nd5 Bb8 36. Rd2 Rbd7 37. h4 h6 (37... Bc7 $11) 38. Rcc2 (38. h5 $16) 38... Bc7 $11 {The position is equal.} 39. h5 gxh5 40. gxh5 f5 41. Nxc7 Rxc7 42. Bd6 Rxc2 43. Bxe5+ Kg8 44. Rxc2 fxe4 45. fxe4 {[%mdl 4096] Endgame KRB-KRB} Bd3 46. Rc8+ (46. Ra2 {is interesting.} Bxe4+ 47. Kg3 Rf3+ 48. Kg4 Rb3 49. Bd6) 46... Rf8 47. Rxf8+ Kxf8 {KB-KB} 48. Kf3 Bc2 49. Bd6+ Kf7 50. Bf4 Bd1+ 51. Kg3 Bxh5 52. Bxh6 Ke6 53. Kf4 Be2 54. Bg7 {Precision: White = 51%, Black = 67%.} 1/2-1/2

[Event "UZB-ch Men 2018"]
[Site "Tashkent"]
[Date "2018.05.14"]
[Round "12"]
[White "Barsov, Alexei"]
[Black "Tillyaev, Ulugbek"]
[Result "*"]
[WhiteElo "2411"]
[BlackElo "2292"]
[Annotator "TA"]
[PlyCount "41"]
[EventDate "2018.05.13"]
[EventType "tourn"]
[EventCountry "UZB"]
[SourceTitle "playchess.com"]
[Source "ChessBase"]
[SourceQuality "1"]

{[%evp 20,41,20,24,37,17,16,14,14,0,30,16,17,7,7,7,7,7,7,7,7,7,8,0]} 1. d4 Nf6 2. c4 e6 3. Nc3 Bb4 4. Nf3 c5 5. g3 O-O 6. Bg2 d5 7. cxd5 cxd4 8. Nxd4 Nxd5 9. Qb3 Nc6 10. Nxc6 bxc6 11. O-O {[#] LiveBook: 112 Games. And now Nxd5 would win.} Qb6 {E20: Nimzo-Indian: 4 g3 and 4 f3} (11... Qa5 12. Ne4 Ba6 13. Qc2 Rfc8 14. Rd1 h6 15. Bf3 Be7 16. Bd2 Qb6 17. Nc3 Rab8 18. b3 Rd8 19. Na4 Qb5 {1-0 (43) Yu,Y (2734)-Zhao,J (2622) Wuxi 2016}) 12. Bd2 $146 {[%cal Rc3d5]} ({Predecessor:} 12. Na4 Qb5 13. a3 Ba5 14. Qc2 Bb6 15. Be4 Ba6 16. Bd3 {1-0 (16) Nielsen,P (2525)-Stefansson,H (2555) Aarhus 1997}) 12... Rb8 13. Rfc1 {[%cal Rc3d5]} Ba6 14. e4 Nf6 15. Be3 Qa5 {The position is equal.} 16. a3 Bc5 17. Qa4 $1 {[%cal Ra4a5]} Qxa4 18. Nxa4 Bxe3 19. fxe3 Rfd8 20. Nc5 Be2 21. b4 *

[Event "UZB-ch Men 2018"]
[Site "Tashkent"]
[Date "2018.05.14"]
[Round "12"]
[White "Vahidov, Tair"]
[Black "Sindarov, Javokhir"]
[Result "0-1"]
[WhiteElo "2400"]
[BlackElo "2430"]
[Annotator "TA"]
[PlyCount "104"]
[EventDate "2018.05.13"]
[EventType "tourn"]
[EventCountry "UZB"]
[SourceTitle "playchess.com"]
[Source "ChessBase"]
[SourceQuality "1"]

{[%evp 25,104,0,16,-19,-19,-26,-18,-19,-20,-22,-23,-37,-39,-32,-39,-46,-45,-34,-5,-54,-53,-54,-56,-75,-42,-58,-45,-69,-55,-72,-35,-72,-85,-88,-74,-154,-147,-159,-137,-168,-168,-199,-202,-198,-200,-190,-197,-251,-250,-307,-298,-322,-318,-313,-299,-340,-315,-354,-347,-367,-334,-367,-367,-367,-328,-360,-356,-367,-349,-394,-392,-491,-493,-493,-476,-459,-444,-611,-665,-691,-670]} 1. c4 Nf6 2. Nf3 g6 3. g3 Bg7 4. Bg2 O-O 5. O-O d5 6. cxd5 Nxd5 7. d4 Nb6 8. Nc3 Nc6 9. d5 Na5 10. Qc2 Nxd5 11. Rd1 c6 {[%cal Bc7c6,Bc6c5][%mdl 32]} 12. e4 {D76: Fianchetto Grünfeld: Main Line with 7...Nb6} (12. Ne1 Bxc3 13. bxc3 Qc7 14. c4 Nb6 15. c5 Nbc4 16. Bh6 Re8 17. Nf3 f6 18. Rd4 Be6 19. Bf4 Qc8 {0-1 (45) Van Wely,L (2675)-Firouzja,A (2499) Bandar e Anzali 2017}) 12... Nb4 13. Qa4 Qb6 {LiveBook: 3 Games} 14. Be3 {The position is equal.} c5 15. Nd5 Nxd5 16. exd5 Qb4 ({Much worse is} 16... Bxb2 $6 17. Rab1 $14) 17. Qxb4 cxb4 18. Bc5 $146 ({Predecessor:} 18. Bd4 Bg4 19. Bxg7 Kxg7 {½-½ (52) Haygarth,M-Holloway,N Morecambe/ Lancashire 1975}) 18... Re8 $36 {[%mdl 2048] Black fights for an advantage.} 19. Bxb4 Nc4 20. Bc3 Bxc3 21. bxc3 Nd6 22. Ne5 f6 23. Nf3 Bg4 24. Rd3 Rac8 25. Nd4 Rc5 26. Re1 Kf7 27. Rde3 Ra5 28. h3 Bd7 29. R3e2 Bb5 30. Rb2 ({Better is} 30. Re3) 30... Bc4 $17 31. Nb3 Rb5 32. Rbb1 Rc8 33. Nd2 Rxb1 34. Rxb1 Bxa2 35. Ra1 Bc4 $1 36. h4 (36. Rxa7 $142 Ba6 37. c4) 36... a6 $19 37. Bh3 Rc5 38. Be6+ Kf8 39. Nxc4 Rxc4 {[%mdl 4096] Endgame KRB-KRN} 40. h5 Rxc3 ({Don't play} 40... gxh5 41. Ra3 $19) 41. hxg6 hxg6 42. Kg2 Rc7 43. g4 Ne4 44. f4 Nd6 45. Kf3 Kg7 46. Ra2 Rc5 47. Ra1 a5 {[%cal Ba6a5,Ba5a4][%mdl 32]} 48. g5 f5 {Black is clearly winning.} 49. Ke2 b6 50. Kd3 Rc7 51. Ra2 Ra7 52. Kd4 a4 {Precision: White = 31%, Black = 74%.} 0-1